| 000 | 00490nam a2200181Ia 4500 | ||
|---|---|---|---|
| 001 | 23678 | ||
| 005 | 20260414150953.0 | ||
| 008 | 260414t2016||||xx |||||||||||||| ||spa|| | ||
| 041 | _aESP | ||
| 082 |
_a690.0285 _bA59 |
||
| 100 |
_aAndersson, Lennart, _eAUT |
||
| 245 | 0 |
_aImplementing virtual design and construction using BIM : _burrent and future practices |
|
| 260 | _c2016 | ||
| 300 |
_axiii, 283 páginas : _c25 cm. |
||
| 650 | _a0 | ||
| 654 | _aCIC | ||
| 942 |
_cLIB _dJUS _fJUS _2ddc _n |
||
| 999 |
_c23678 _d23678 |
||